| 000 | 00528nam a22001697a 4500 | ||
|---|---|---|---|
| 005 | 20250208080353.0 | ||
| 008 | 250208b |||||||| |||| 00| 0 eng d | ||
| 020 | _a9780335216048 | ||
| 050 | _aRC488.5 DAL | ||
| 100 | _aDallos, Rudi | ||
| 245 |
_aAn Introduction to Family Therapy / _bsystematic theory and practice _cRudi Dallos and Ros Draper |
||
| 250 | _a2nd ed. | ||
| 260 |
_aMaidenhead, England _bOpen University Press _c2005, 2007 |
||
| 300 |
_axviii. 335p. _c24cm |
||
| 700 | _aDraper, Ros | ||
| 942 |
_2lcc _cBK _e2nd ed. _n0 |
||
| 999 |
_c3625 _d3625 |
||